অভিকর্ষ / (Record no. 49026)
[ view plain ]
| 000 -LEADER | |
|---|---|
| fixed length control field | 00958nam a2200253 a 4500 |
| 001 - CONTROL NUMBER | |
| control field | 49026 |
| 003 - CONTROL NUMBER IDENTIFIER | |
| rucl marc code | BD-RjUL |
| 005 - DATE AND TIME OF LATEST TRANSACTION | |
| control field | 20211209054626.0 |
| 008 - FIXED-LENGTH DATA ELEMENTS--GENERAL INFORMATION | |
| fixed length control field | 160817s1988 bg a|||| |||| 00| 0 ben d |
| 020 ## - INTERNATIONAL STANDARD BOOK NUMBER | |
| Terms of availability | : Tk. 30.00 |
| 035 ## - SYSTEM CONTROL NUMBER | |
| System control number | (BD-RjUL) 49145 |
| 040 ## - CATALOGING SOURCE | |
| Original cataloging agency | BD-RjUL |
| Language of cataloging | ben |
| Transcribing agency | BD-RjUL |
| 041 ## - LANGUAGE CODE | |
| Language code of text/sound track or separate title | ben |
| 082 ## - DEWEY DECIMAL CLASSIFICATION NUMBER | |
| Edition number | 23 |
| Classification number | 531.14 |
| Author mark and year | GAA 1988 |
| 100 1# - MAIN ENTRY--PERSONAL NAME | |
| Personal name | গ্যামাও, জর্জ |
| 9 (RLIN) | 147543 |
| 245 10 - TITLE STATEMENT | |
| Title | অভিকর্ষ / |
| Statement of responsibility, etc. | জর্জ গ্যামাও ; মোঃ তোফাজ্জল সরকার অনূদিত |
| 260 ## - PUBLICATION, DISTRIBUTION, ETC. (IMPRINT) | |
| Place of publication, distribution, etc. | ঢাকা : |
| Name of publisher, distributor, etc. | বাংলা একাডেমী, |
| Date of publication, distribution, etc. | ১৯৮৮ |
| 300 ## - PHYSICAL DESCRIPTION | |
| Pagination | ৯৪ পৃ. : |
| Illustrations | চিত্র ; |
| Size | ২১ সেমি. |
| 500 ## - GENERAL NOTE | |
| General note | পরিভাষা সংযুক্ত |
| 650 ## - SUBJECT ADDED ENTRY--TOPICAL TERM | |
| Topical term or geographic name as entry element | অভিকর্ষ |
| 9 (RLIN) | 147544 |
| Topical term or geographic name as entry element | Gravity |
| 9 (RLIN) | 147545 |
| 700 ## - ADDED ENTRY--PERSONAL NAME | |
| Personal name | সরকার, মোঃ তোফাজ্জল, অনূদিত |
| 942 ## - ADDED ENTRY ELEMENTS (KOHA) | |
| Source of classification or shelving scheme | Dewey Decimal Classification |
| Koha item type | Books |
| Lost status | Source of classification or shelving scheme | Damaged status | Not for loan | Collection code | Permanent Location | Current Location | Shelving location | Date acquired | Source of acquisition | Cost, normal purchase price | Total Checkouts | Full call number | Date last seen | Copy number | Koha item type |
|---|---|---|---|---|---|---|---|---|---|---|---|---|---|---|---|
| Dewey Decimal Classification | Non-fiction | Central Library, University of Rajshahi | Central Library, University of Rajshahi | 11/11/1996 | Bangla Academy, Dhaka | 30.00 | B 531.14 GAA 1988 | 17/08/2016 | C-2 | Books | |||||
| Dewey Decimal Classification | Non-fiction | Central Library, University of Rajshahi | Central Library, University of Rajshahi | 11/11/1996 | Bangla Academy, Dhaka. | 30.00 | B 531.14 GAA 1988 | 15/11/2016 | C-3 | Books | |||||
| Dewey Decimal Classification | Not For Loan | Non-fiction | Central Library, University of Rajshahi | Central Library, University of Rajshahi | Reading Room | 19/06/1990 | Dhaka, Bangla Academy | 30.00 | B 531.14 GAA 1988 | 27/04/2017 | C-1 | Books |